000 00558nam a22002177a 4500
003 UA-OsUOA
001 39407
007 ta
008 20080408b un ||||| |||| 00| 0 ukr d
090 _a82-3
_bУ45
942 _cBK
040 _aUA-OsUOA
_bukr
_cUA-OsUOA
_dUA-OsUOA
245 _aУкраїнські народні казки
300 _a123 с.
955 _a3
041 _aukr
080 _a82-3
260 _aНью Йрк
_bГоверла
_c1957
650 7 _a82 Література. Літературознавство
_2UDC
999 _c437928
_d437928